|
|
|
|
| LEADER |
01312cam a2200337 a 4500 |
| 001 |
021631 |
| 003 |
AR-BeUNQ |
| 005 |
20220907151759.0 |
| 007 |
ta |
| 008 |
100517s2008||||ag f b 000 0 spa d |
| 999 |
|
|
|c 21021
|d 96408
|
| 020 |
|
|
|a 9789507015540
|
| 040 |
|
|
|a AR-BeUNQ
|b spa
|c AR-BeUNQ
|e aacr
|
| 082 |
0 |
4 |
|a 371.102
|2 21
|
| 100 |
1 |
|
|9 3483
|a Feldman, Daniel
|
| 245 |
1 |
0 |
|a Ayudar a enseñar :
|b relaciones entre didáctica y enseñanza /
|c Daniel Feldman.
|
| 250 |
|
|
|a 1a. ed., 2a. reimpr.
|
| 260 |
|
|
|a Buenos Aires :
|b Aique,
|c 2008.
|
| 300 |
|
|
|a 159 p. ;
|c 22 cm.
|
| 490 |
1 |
|
|a Psicología cognitiva y educación
|
| 504 |
|
|
|a Bibliografía: p. 149-159.
|
| 594 |
|
|
|a LICENCIATURA EN EDUCACION
|a PROFESORADO EN EDUCACION
|a PROFESORADO EN CIENCIAS SOCIALES
|a DIPLOMATURA EN CIENCIAS SOCIALES
|a PROFESORADO EN COMUNICACION SOCIAL
|
| 595 |
|
|
|a DIDACTICA
|d 2017
|
| 595 |
|
|
|a DIDACTICA DE LAS CIENCIAS SOCIALES
|
| 650 |
|
7 |
|a Educación
|2 spines
|
| 650 |
|
7 |
|a Enseñanza
|2 spines
|
| 650 |
|
7 |
|a Métodos pedagógicos
|2 spines
|
| 830 |
|
0 |
|a Psicología cognitiva y educación (Aiqué)
|9 1286
|l Español
|
| 929 |
|
|
|a COMPRA
|b Cúspide
|c Exp. 827-0888/09 1a. compra
|d 40,00
|e 20100401
|f PAT0034193
|j 44796
|
| 929 |
|
|
|a COMPRA
|b Cúspide
|c Exp. 827-0888/09 1a. compra
|d 40,00
|e 20100401
|f PAT0034194
|j 44797
|
| 942 |
|
|
|c LIB
|n 0
|